[Event "Novokuznetsk op"]
[Site "Novokuznetsk"]
[Date "2011.08.19"]
[Round "9"]
[White "Suchkov, Evgeniy"]
[Black "Kostojakov, Ivan"]
[Result "1-0"]
[WhiteElo "2346"]
[BlackElo "2054"]
[PlyCount "35"]
[EventDate "2011.08.11"]
[EventType "swiss"]
[EventRounds "9"]
[EventCountry "RUS"]
[SourceTitle "CBM 144 Extra"]
[Source "ChessBase"]
[SourceDate "2011.10.28"]
[SourceVersion "1"]
[SourceVersionDate "2011.10.28"]
[SourceQuality "1"]

1. d4 Nf6 2. Nf3 g6 3. c4 Bg7 4. Nc3 0-0 5. e4 d6 6. Be2 e5 7. d5 Nh5 8. g3 f5 9. exf5 Bxf5 10. 0-0 Nf6 11. Re1 Nbd7 12. Be3 Ng4 13. Bg5 Bf6 14. Bc1 g5 15. Nd2 Nh6 16. Nde4 Nf7 17. Bg4 Bg6 18. Bxd7 1-0

[Event "Novokuznetsk op"]
[Site "Novokuznetsk"]
[Date "2010.05.08"]
[Round "8"]
[White "Suchkov, Evgeniy"]
[Black "Sergeev, Albert"]
[Result "1/2-1/2"]
[WhiteElo "2311"]
[BlackElo "2349"]
[PlyCount "30"]
[EventDate "2010.05.01"]
[EventType "swiss"]
[EventRounds "9"]
[EventCountry "RUS"]
[SourceTitle "EXT 2011"]
[Source "ChessBase"]
[SourceDate "2010.11.26"]
[SourceVersion "1"]
[SourceVersionDate "2010.11.26"]
[SourceQuality "1"]

1. d4 Nf6 2. c4 c5 3. d5 e6 4. Nc3 exd5 5. cxd5 d6 6. Nf3 g6 7. Nd2 Bg7 8. e4 0-0 9. Be2 a6 10. a4 Re8 11. 0-0 Nbd7 12. Nc4 Ne5 13. Nxe5 Rxe5 14. Qc2 Re8 15. h3 Rb8 1/2-1/2

[Event "Novokuznetsk op"]
[Site "Novokuznetsk"]
[Date "2010.05.06"]
[Round "6"]
[White "Suchkov, Evgeniy"]
[Black "Iskusnyh, Sergei"]
[Result "1/2-1/2"]
[WhiteElo "2311"]
[BlackElo "2497"]
[PlyCount "105"]
[EventDate "2010.05.01"]
[EventType "swiss"]
[EventRounds "9"]
[EventCountry "RUS"]
[SourceTitle "EXT 2011"]
[Source "ChessBase"]
[SourceDate "2010.11.26"]
[SourceVersion "1"]
[SourceVersionDate "2010.11.26"]
[SourceQuality "1"]

1. d4 d5 2. c4 c6 3. cxd5 cxd5 4. Nc3 Nf6 5. Bf4 Nc6 6. Nf3 a6 7. e3 Bg4 8. h3 Bxf3 9. Qxf3 e6 10. Bd3 Bd6 11. Bg5 h6 12. Bh4 Be7 13. 0-0 0-0 14. Rac1 Nd7 15. Bg3 Nb6 16. Rfd1 Bd6 17. Ne2 Bxg3 18. Qxg3 Rc8 19. b3 Qg5 20. h4 Qxg3 21. Nxg3 Rfd8 22. Kf1 Kf8 23. Ke2 Nd7 24. Kd2 Nf6 25. f3 Ke7 26. Ne2 h5 27. Bb1 Na7 28. Nf4 Nb5 29. a4 Nd6 30. a5 g6 31. Nd3 Nd7 32. Rh1 Nf5 33. Nc5 Nxc5 34. Rxc5 Rxc5 35. dxc5 e5 36. b4 e4 37. g4 Ng7 38. gxh5 Nxh5 39. fxe4 Ng3 40. Rc1 Nxe4+ 41. Kd3 Rc8 42. Ba2 Nf6 43. Kd4 Rh8 44. Rh1 Rh5 45. Bb3 Rh8 46. Bxd5 Nxd5 47. Kxd5 Rh5+ 48. Ke4 g5 49. Kf5 gxh4+ 50. Kg4 Re5 51. Kf4 Rh5 52. Kg4 Re5 53. Kf4 1/2-1/2

[Event "Novokuznetsk op"]
[Site "Novokuznetsk"]
[Date "2010.01.10"]
[Round "10"]
[White "Chernov, Mikhail"]
[Black "Suchkov, Evgeniy"]
[Result "1-0"]
[WhiteElo "2094"]
[BlackElo "2311"]
[PlyCount "51"]
[EventDate "2010.01.02"]
[EventType "swiss"]
[EventRounds "10"]
[EventCountry "RUS"]
[SourceTitle "CBM 134 Extra"]
[Source "ChessBase"]
[SourceDate "2010.03.03"]
[SourceVersion "1"]
[SourceVersionDate "2010.03.03"]
[SourceQuality "1"]

1. e4 e5 2. Nf3 Nc6 3. Bc4 Nf6 4. Ng5 Bc5 5. Bxf7+ Ke7 6. Bb3 Rf8 7. 0-0 Qe8 8. Nc3 Qg6 9. Nd5+ Kd8 10. c3 d6 11. d4 h6 12. dxc5 hxg5 13. Nxc7 Nxe4 14. Nxa8 Nxc5 15. Bxg5+ Kd7 16. Be3 Nxb3 17. axb3 b6 18. Ra4 Kd8 19. Bxb6+ axb6 20. Nxb6 Bb7 21. Qg4 Qf7 22. Nc4 Kc7 23. Nd2 g5 24. Nf3 Qxb3 25. Nxg5 Kb8 26. Qd1 1-0

[Event "Novokuznetsk op"]
[Site "Novokuznetsk"]
[Date "2010.01.08"]
[Round "8"]
[White "Shukan, Alexander"]
[Black "Suchkov, Evgeniy"]
[Result "0-1"]
[WhiteElo "2232"]
[BlackElo "2311"]
[PlyCount "64"]
[EventDate "2010.01.02"]
[EventType "swiss"]
[EventRounds "10"]
[EventCountry "RUS"]
[SourceTitle "CBM 134 Extra"]
[Source "ChessBase"]
[SourceDate "2010.03.03"]
[SourceVersion "1"]
[SourceVersionDate "2010.03.03"]
[SourceQuality "1"]

1. e4 c6 2. Nc3 d5 3. Nf3 dxe4 4. Nxe4 Bf5 5. Ng3 Bg6 6. h4 f6 7. Bc4 Bf7 8. Bxf7+ Kxf7 9. d4 e6 10. Bf4 Ne7 11. 0-0 Ng6 12. Bd2 Bd6 13. Ne4 Re8 14. Nfg5+ fxg5 15. Nxg5+ Kg8 16. Qh5 h6 17. Ne4 Nf4 18. Nf6+ gxf6 19. Qxh6 Ne2+ 20. Kh1 Bf8 21. Qg6+ Bg7 22. Rfe1 Nxd4 23. Rad1 Nd7 24. h5 Ne5 25. Rxe5 fxe5 26. h6 Qf6 27. Qg4 Kf7 28. Bg5 Qf5 29. Qh4 Rh8 30. c3 Bxh6 31. Bxh6 Qf6 32. Qh5+ Qg6 0-1

[Event "Novokuznetsk op"]
[Site "Novokuznetsk"]
[Date "2010.01.04"]
[Round "3"]
[White "Suchkov, Evgeniy"]
[Black "Izmestiev, Alexey"]
[Result "1-0"]
[WhiteElo "2311"]
[BlackElo "2151"]
[PlyCount "87"]
[EventDate "2010.01.02"]
[EventType "swiss"]
[EventRounds "10"]
[EventCountry "RUS"]
[SourceTitle "CBM 134 Extra"]
[Source "ChessBase"]
[SourceDate "2010.03.03"]
[SourceVersion "1"]
[SourceVersionDate "2010.03.03"]
[SourceQuality "1"]

1. d4 d5 2. c4 e6 3. Nc3 Nf6 4. cxd5 exd5 5. Bg5 Be7 6. e3 c6 7. Bd3 0-0 8. Nge2 Re8 9. 0-0 h6 10. Bh4 Ng4 11. Bg3 Bd6 12. h3 Bxg3 13. Nxg3 Nf6 14. b4 Qd6 15. b5 c5 16. dxc5 Qxc5 17. Rc1 Qb4 18. Nce2 Nbd7 19. Nd4 Ne5 20. Be2 Ne4 21. Nh5 Qd6 22. Nf3 Nxf3+ 23. Bxf3 Qe5 24. Nf4 Be6 25. Qd3 Rad8 26. Rfd1 g5 27. Nh5 Nf6 28. Nxf6+ Qxf6 29. Rc7 Bxh3 30. Rxb7 Be6 31. Qd4 Qg6 32. Be2 g4 33. g3 Bf5 34. Rxa7 Qh5 35. Bd3 Bc8 36. Qf6 Be6 37. Qd4 Qg5 38. b6 h5 39. Qf4 Qg7 40. Rb1 d4 41. e4 Kh8 42. Rb5 Qg6 43. Rg5 Qh6 44. Rg8+ 1-0

[Event "Novokuznetsk-ch"]
[Site "Novokuznetsk"]
[Date "2009.05.05"]
[Round "9"]
[White "Sergeev, Albert"]
[Black "Suchkov, Evgeniy"]
[Result "1/2-1/2"]
[WhiteElo "2326"]
[BlackElo "2311"]
[PlyCount "26"]
[EventDate "2009.04.29"]
[EventType "tourn"]
[EventRounds "11"]
[EventCountry "RUS"]
[EventCategory "3"]
[SourceTitle "EXT 2012"]
[Source "ChessBase"]
[SourceDate "2011.11.24"]
[SourceVersion "1"]
[SourceVersionDate "2011.11.24"]
[SourceQuality "1"]

1. e4 c6 2. d4 d5 3. Nc3 dxe4 4. Nxe4 Bf5 5. Ng3 Bg6 6. h4 h6 7. Nf3 Nd7 8. h5 Bh7 9. Bd3 Bxd3 10. Qxd3 e6 11. Bd2 Qc7 12. 0-0-0 Ngf6 13. Qe2 0-0-0 1/2-1/2

[Event "Novokuznetsk-ch"]
[Site "Novokuznetsk"]
[Date "2009.05.03"]
[Round "7"]
[White "Suchkov, Evgeniy"]
[Black "Shukan, Alexander"]
[Result "1-0"]
[WhiteElo "2311"]
[BlackElo "2187"]
[PlyCount "99"]
[EventDate "2009.04.29"]
[EventType "tourn"]
[EventRounds "11"]
[EventCountry "RUS"]
[EventCategory "3"]
[SourceTitle "EXT 2012"]
[Source "ChessBase"]
[SourceDate "2011.11.24"]
[SourceVersion "1"]
[SourceVersionDate "2011.11.24"]
[SourceQuality "1"]

1. d4 d5 2. Nf3 Nc6 3. c4 e5 4. e3 Bb4+ 5. Bd2 Bxd2+ 6. Qxd2 exd4 7. Nxd4 Nxd4 8. Qxd4 Nf6 9. Nc3 Be6 10. cxd5 Bxd5 11. Nxd5 Qxd5 12. Qxd5 Nxd5 13. 0-0-0 Nb6 14. Rd4 Rd8 15. Re4+ Kd7 16. Be2 Kc8 17. Rd1 Rxd1+ 18. Bxd1 Kd8 19. Bb3 Rf8 20. Rg4 g6 21. Rh4 h5 22. Re4 Kd7 23. Rd4+ Ke7 24. h4 Nc8 25. Rc4 Kd7 26. Rd4+ Ke7 27. e4 Nd6 28. f3 Rd8 29. Rd5 c6 30. Rd3 Re8 31. Kd2 Nb5 32. Ke3 Nc7 33. Rd2 Ne6 34. f4 Rd8 35. Rxd8 Nxd8 36. f5 Kf6 37. Kf4 b5 38. e5+ Kg7 39. Kg5 c5 40. Bd5 a5 41. e6 fxe6 42. fxe6 a4 43. e7 Nf7+ 44. Kf4 Nd6 45. Ke5 Ne8 46. Bc6 Kf7 47. Bxb5 Nc7 48. e8Q+ Nxe8 49. Bxe8+ Kxe8 50. Kd5 1-0

[Event "Novokuznetsk-ch"]
[Site "Novokuznetsk"]
[Date "2009.05.01"]
[Round "4"]
[White "Sitnikov, Dmitrij"]
[Black "Suchkov, Evgeniy"]
[Result "1/2-1/2"]
[WhiteElo "2426"]
[BlackElo "2311"]
[PlyCount "85"]
[EventDate "2009.04.29"]
[EventType "tourn"]
[EventRounds "11"]
[EventCountry "RUS"]
[EventCategory "3"]
[SourceTitle "EXT 2012"]
[Source "ChessBase"]
[SourceDate "2011.11.24"]
[SourceVersion "1"]
[SourceVersionDate "2011.11.24"]
[SourceQuality "1"]

1. c4 e6 2. Nc3 d5 3. d4 c6 4. Nf3 dxc4 5. g3 b5 6. Bg2 Bb7 7. 0-0 Nf6 8. Ne5 Qb6 9. a4 Bb4 10. Na2 Be7 11. b3 c5 12. Bxb7 Qxb7 13. axb5 cxb3 14. Qxb3 cxd4 15. Bb2 Qe4 16. Qf3 Qxf3 17. exf3 Bc5 18. Rfd1 Nbd7 19. Nxd7 Nxd7 20. Bxd4 0-0 21. Bxg7 Kxg7 22. Rxd7 Rfd8 23. Rad1 Rxd7 24. Rxd7 Rc8 25. Nc3 Bb6 26. Ne4 Rc2 27. h4 h5 28. Kg2 Kg6 29. Rd2 Rc1 30. g4 Rb1 31. Rd7 Rxb5 32. Rxf7 Kxf7 33. Nd6+ Kg6 34. Nxb5 a5 35. Kf1 a4 36. Ke2 Bd8 37. Kd3 Bxh4 38. Kc4 Bxf2 39. gxh5+ Kxh5 40. Kb4 Kh4 41. Nc7 e5 42. Ne6 Be3 43. Nd8 1/2-1/2

[Event "Novokuznetsk-ch"]
[Site "Novokuznetsk"]
[Date "2009.04.29"]
[Round "2"]
[White "Susliakov, Dmitriy"]
[Black "Suchkov, Evgeniy"]
[Result "1/2-1/2"]
[WhiteElo "2219"]
[BlackElo "2311"]
[PlyCount "123"]
[EventDate "2009.04.29"]
[EventType "tourn"]
[EventRounds "11"]
[EventCountry "RUS"]
[EventCategory "3"]
[SourceTitle "EXT 2012"]
[Source "ChessBase"]
[SourceDate "2011.11.24"]
[SourceVersion "1"]
[SourceVersionDate "2011.11.24"]
[SourceQuality "1"]

1. e4 e5 2. Nf3 Nc6 3. d4 exd4 4. Bc4 Nf6 5. 0-0 Nxe4 6. Re1 d5 7. Bxd5 Qxd5 8. Nc3 Qd8 9. Nxe4 Be7 10. Bg5 0-0 11. Bxe7 Qxe7 12. Nxd4 Nxd4 13. Qxd4 Qh4 14. Qe5 c6 15. Nd6 b6 16. Ne8 Qh6 17. Rad1 Be6 18. Nc7 Rad8 19. Rd6 Qf6 20. Qxf6 gxf6 21. Red1 Rxd6 22. Rxd6 Bxa2 23. Rxc6 Rc8 24. b3 a5 25. Nd5 Rxc6 26. Ne7+ Kf8 27. Nxc6 Bb1 28. Nd4 Ke7 29. Kf1 Kd6 30. Ke2 Kc5 31. Kd3 Kb4 32. Ne2 Ka3 33. Kc3 b5 34. Nd4 b4+ 35. Kc4 Kb2 36. Kd3 h6 37. h4 f5 38. g3 h5 39. Kd2 Bxc2 40. Nxc2 Kxb3 41. Nd4+ Kb2 42. Nc6 a4 43. Nxb4 a3 44. f4 f6 45. Nd3+ Kb1 46. Nb4 Kb2 47. Kd1 Kc3 48. Nd5+ Kb3 49. Ne3 a2 50. Nc2 Kc3 51. Kc1 Kd3 52. Kb2 Ke4 53. Kc3 Kf3 54. Kd3 Kxg3 55. Ke3 Kg4 56. Na1 Kg3 57. Nc2 Kxh4 58. Kf3 Kh3 59. Na1 Kh2 60. Kf2 h4 61. Nb3 Kh3 62. Kf3 1/2-1/2

[Event "Novokuznetsk-ch HL"]
[Site "Novokuznetsk"]
[Date "2008.05.10"]
[Round "10"]
[White "Izmestiev, Alexey"]
[Black "Suchkov, Evgeniy"]
[Result "0-1"]
[WhiteElo "2145"]
[BlackElo "2279"]
[PlyCount "122"]
[EventDate "2008.04.30"]
[EventType "tourn"]
[EventRounds "11"]
[EventCountry "RUS"]
[SourceTitle "EXT 2022"]
[Source "ChessBase"]
[SourceDate "2021.10.06"]
[SourceVersion "1"]
[SourceVersionDate "2021.10.06"]
[SourceQuality "1"]

1. d4 c5 2. d5 e5 3. c4 d6 4. Nc3 Be7 5. e4 Bg5 6. Nf3 Bxc1 7. Qxc1 Nf6 8. Be2 0-0 9. 0-0 Qe7 10. Nd2 h6 11. Qc2 Re8 12. Rae1 Nbd7 13. Qd3 Nf8 14. Qg3 Ng6 15. h3 Nf4 16. Nf3 N6h5 17. Qh2 Qf6 18. Kh1 Bxh3 19. gxh3 Nxe2 20. Rxe2 Qxf3+ 21. Kg1 Nf4 22. Re3 Qh5 23. Qg3 Kh7 24. Kh2 Qg6 25. Rg1 Qf6 26. Rf3 Rg8 27. Qg4 Qe7 28. Rfg3 g6 29. Rf3 Rab8 30. a4 a6 31. Kh1 Kg7 32. Re1 Rgd8 33. Kg1 Qg5 34. Kf1 Qxg4 35. hxg4 f6 36. Ra1 h5 37. gxh5 Rh8 38. Ke1 Rxh5 39. Kd2 Rh3 40. Rxh3 Nxh3 41. Ke3 f5 42. exf5 gxf5 43. Ra3 Kf6 44. Rb3 e4 45. Ne2 Ke5 46. f4+ exf3 47. Kxf3 f4 48. Kg4 Nf2+ 49. Kf3 Ne4 50. Rd3 Rg8 51. a5 Rg7 52. Rd1 Ng5+ 53. Kf2 Nh3+ 54. Kf3 Kf5 55. b3 Ng5+ 56. Kf2 Rh7 57. Rf1 Ke4 58. Re1 Rh2+ 59. Kf1 Kf5 60. Ng1 Ne4 61. Nf3 Rf2+ 0-1

[Event "Novokuznetsk-ch HL"]
[Site "Novokuznetsk"]
[Date "2008.05.02"]
[Round "4"]
[White "Pautov, Eduard"]
[Black "Suchkov, Evgeniy"]
[Result "1/2-1/2"]
[WhiteElo "2307"]
[BlackElo "2279"]
[PlyCount "29"]
[EventDate "2008.04.30"]
[EventType "tourn"]
[EventRounds "11"]
[EventCountry "RUS"]
[SourceTitle "EXT 2022"]
[Source "ChessBase"]
[SourceDate "2021.10.06"]
[SourceVersion "1"]
[SourceVersionDate "2021.10.06"]
[SourceQuality "1"]

1. c4 Nf6 2. Nf3 e6 3. Nc3 Bb4 4. Qc2 0-0 5. g3 d5 6. Bg2 dxc4 7. Ne4 Nxe4 8. Qxe4 Nc6 9. Qxc4 Qd5 10. Qxd5 exd5 11. 0-0 Re8 12. e3 Bg4 13. d4 Bd6 14. Bd2 Ne7 15. Rac1 1/2-1/2

[Event "Novokuznetsk-ch HL"]
[Site "Novokuznetsk"]
[Date "2008.05.01"]
[Round "3"]
[White "Suchkov, Evgeniy"]
[Black "Sitnikov, Dmitrij"]
[Result "1/2-1/2"]
[WhiteElo "2279"]
[BlackElo "2415"]
[PlyCount "85"]
[EventDate "2008.04.30"]
[EventType "tourn"]
[EventRounds "11"]
[EventCountry "RUS"]
[SourceTitle "EXT 2022"]
[Source "ChessBase"]
[SourceDate "2021.10.06"]
[SourceVersion "1"]
[SourceVersionDate "2021.10.06"]
[SourceQuality "1"]

1. d4 d5 2. c4 c6 3. cxd5 cxd5 4. Nf3 Nc6 5. Nc3 e5 6. dxe5 d4 7. Ne4 Qd5 8. Nd6+ Bxd6 9. exd6 Qxd6 10. g3 Nf6 11. Bg2 0-0 12. 0-0 Re8 13. Be3 Rd8 14. Bf4 Qb4 15. Qd2 Qxd2 16. Bxd2 Re8 17. Rfe1 Bg4 18. h3 Bh5 19. Rad1 h6 20. g4 Bg6 21. Nh4 Bc2 22. Rc1 Be4 23. f3 Bh7 24. f4 Be4 25. Nf3 Nd5 26. Rc4 Rad8 27. Ne5 Nxe5 28. fxe5 Bxg2 29. Kxg2 Nb6 30. Rc5 Rd5 31. Rxd5 Nxd5 32. Rc1 Rxe5 33. Rc8+ Kh7 34. Kf3 Nf6 35. Rd8 Rb5 36. b3 Nd5 37. Ke4 Nc3+ 38. Bxc3 dxc3 39. Rc8 Ra5 40. a4 b5 41. axb5 Rxb5 42. Rxc3 Kg6 43. Kf4 1/2-1/2

[Event "Novokuznetsk-ch HL"]
[Site "Novokuznetsk"]
[Date "2008.04.30"]
[Round "1"]
[White "Polyanskiy, Vladimir"]
[Black "Suchkov, Evgeniy"]
[Result "0-1"]
[WhiteElo "2196"]
[BlackElo "2279"]
[PlyCount "87"]
[EventDate "2008.04.30"]
[EventType "tourn"]
[EventRounds "11"]
[EventCountry "RUS"]
[SourceTitle "EXT 2022"]
[Source "ChessBase"]
[SourceDate "2021.10.06"]
[SourceVersion "1"]
[SourceVersionDate "2021.10.06"]
[SourceQuality "1"]

1. d4 Nf6 2. Nc3 d5 3. Bg5 Nbd7 4. e3 e6 5. Bd3 c5 6. Nf3 c4 7. Be2 Bb4 8. 0-0 Bxc3 9. bxc3 Qa5 10. Nd2 Qxc3 11. a4 0-0 12. Qc1 Qa5 13. c3 Ne4 14. Nxe4 dxe4 15. Be7 Re8 16. Bb4 Qc7 17. f3 a5 18. Ba3 Nf6 19. fxe4 Nxe4 20. Bh5 g6 21. Bf3 Nd6 22. e4 f5 23. e5 Nf7 24. Qf4 Ra6 25. Bc5 Bd7 26. Qh4 Nxe5 27. Be7 Nxf3+ 28. Rxf3 Bc6 29. Bf6 Bxf3 30. gxf3 Rb6 31. Be5 Qe7 32. Bf6 Qf7 33. Be5 g5 34. Qh3 f4 35. Kh1 Qf5 36. Qh5 Qg6 37. Qg4 h5 38. Qh3 g4 39. Qf1 Qd3 40. fxg4 Qe4+ 41. Kg1 Qe3+ 42. Kh1 hxg4 43. Qxf4 Qxf4 44. Bxf4 0-1

[Event "Sibiria Region-ch"]
[Site "Novokuznetsk"]
[Date "2008.03.21"]
[Round "9"]
[White "Suchkov, Evgeniy"]
[Black "Fellenger, Alexander"]
[Result "1-0"]
[WhiteElo "2279"]
[BlackElo "2201"]
[PlyCount "120"]
[EventDate "2008.03.13"]
[EventType "swiss"]
[EventRounds "9"]
[EventCountry "RUS"]
[SourceTitle "CBM 123 Extra"]
[Source "ChessBase"]
[SourceDate "2008.05.06"]
[SourceVersion "1"]
[SourceVersionDate "2008.05.06"]
[SourceQuality "1"]

1. d4 d5 2. Nf3 e6 3. c4 Be7 4. Nc3 Nf6 5. Bg5 0-0 6. e3 Nbd7 7. cxd5 exd5 8. Bd3 c6 9. 0-0 Re8 10. Qc2 h6 11. Bf4 Nh5 12. Nxd5 Nxf4 13. Nxf4 Bd6 14. Nh5 Nf6 15. Nxf6+ Qxf6 16. e4 Bc7 17. e5 Qe7 18. h3 Be6 19. Bc4 Rad8 20. Rad1 Bd5 21. Qc3 Bb6 22. Rd3 Bxc4 23. Qxc4 Rd5 24. Re3 Red8 25. Re4 Qd7 26. Rd1 c5 27. Ne1 Rxd4 28. Rdxd4 cxd4 29. Nd3 Rc8 30. Qb3 Qe6 31. Qxe6 fxe6 32. Re2 g5 33. g3 Kg7 34. Kg2 Kg6 35. Kf3 Kf5 36. g4+ Kg6 37. Ke4 Kf7 38. f4 gxf4 39. Kxf4 Ke7 40. Ke4 Rg8 41. Rf2 h5 42. gxh5 Rg5 43. Rf6 Rxh5 44. Rxe6+ Kf7 45. Nf4 Rg5 46. Rf6+ Ke8 47. Rg6 Bd8 48. Rxg5 Bxg5 49. Ne2 d3 50. Kxd3 Ke7 51. Ke4 Bh4 52. Nd4 Be1 53. h4 Kf7 54. h5 Bd2 55. b3 a6 56. Kf5 Bh6 57. Ne6 Ke7 58. Nf4 Bg7 59. Nd5+ Kd7 60. Nf6+ Ke7 1-0

[Event "Sibiria Region-ch"]
[Site "Novokuznetsk"]
[Date "2008.03.14"]
[Round "2"]
[White "Loskutov, Oleg"]
[Black "Suchkov, Evgeniy"]
[Result "1-0"]
[WhiteElo "2431"]
[BlackElo "2279"]
[PlyCount "113"]
[EventDate "2008.03.13"]
[EventType "swiss"]
[EventRounds "9"]
[EventCountry "RUS"]
[SourceTitle "CBM 123 Extra"]
[Source "ChessBase"]
[SourceDate "2008.05.06"]
[SourceVersion "1"]
[SourceVersionDate "2008.05.06"]
[SourceQuality "1"]

1. e4 e5 2. Nf3 Nc6 3. Bb5 f5 4. Nc3 fxe4 5. Nxe4 d5 6. Nxe5 dxe4 7. Nxc6 Qd5 8. c4 Qd6 9. Qh5+ g6 10. Qe5+ Qxe5 11. Nxe5+ c6 12. Ba4 Bg7 13. d4 exd3 14. Bf4 Be6 15. 0-0-0 0-0-0 16. Rhe1 Rd4 17. Nxd3 Rxc4+ 18. Bc2 Bd7 19. g3 Nh6 20. Be5 Rg8 21. Kb1 Bf5 22. Bb3 b5 23. Ka1 Bxd3 24. Bxg7 Rxg7 25. Rxd3 Rc5 26. Kb1 Kc7 27. h3 Nf5 28. g4 Nd6 29. Rde3 Kd7 30. Be6+ Kd8 31. b4 Rc4 32. Bxc4 Nxc4 33. Re8+ Kd7 34. Rf8 Kd6 35. f4 a5 36. Rf6+ Kd5 37. bxa5 Kc5 38. Ree6 Nxa5 39. f5 gxf5 40. Rxf5+ Kb4 41. Rf4+ Nc4 42. Rxc6 Re7 43. Rh6 Kc3 44. Rf3+ Kd2 45. a3 Re1+ 46. Ka2 Rc1 47. Rf2+ Ke3 48. Rhf6 Kd4 49. R6f3 Ne3 50. Rf4+ Kd3 51. Rb4 Nd1 52. Rf3+ Ke2 53. Rbb3 Kd2 54. Rxb5 Nc3+ 55. Rxc3 Rxc3 56. Rh5 Rc7 57. Kb3 1-0

[Event "Sibiria Region-ch"]
[Site "Novokuznetsk"]
[Date "2008.03.13"]
[Round "1"]
[White "Suchkov, Evgeniy"]
[Black "Spirin, Alexandr"]
[Result "1-0"]
[WhiteElo "2279"]
[BlackElo "1909"]
[PlyCount "87"]
[EventDate "2008.03.13"]
[EventType "swiss"]
[EventRounds "9"]
[EventCountry "RUS"]
[SourceTitle "CBM 123 Extra"]
[Source "ChessBase"]
[SourceDate "2008.05.06"]
[SourceVersion "1"]
[SourceVersionDate "2008.05.06"]
[SourceQuality "1"]

1. d4 Nf6 2. c4 e6 3. Nf3 d5 4. Nc3 Bb4 5. Bg5 0-0 6. e3 b6 7. cxd5 exd5 8. Qc2 Be6 9. Bd3 h6 10. Bh4 Nbd7 11. 0-0 Rc8 12. Ba6 Rb8 13. Nb5 Bd6 14. Nxa7 Qe8 15. Nc6 Ra8 16. Bb7 Ne4 17. Bxa8 Qxa8 18. Be7 Re8 19. Bxd6 cxd6 20. Rac1 Bf5 21. Qb3 Ndf6 22. Qxb6 Bg4 23. Qa7 Bxf3 24. gxf3 Nd2 25. Ne7+ Kh7 26. Qxa8 Rxa8 27. Rfd1 Nxf3+ 28. Kg2 Nh4+ 29. Kg3 g5 30. f3 Rxa2 31. Rc2 Ra7 32. Nc6 Rc7 33. b4 Nf5+ 34. Kf2 g4 35. Ra1 h5 36. Ra7 Rxa7 37. Nxa7 gxf3 38. Kxf3 Ng4 39. Re2 Kg6 40. b5 Kg5 41. b6 Nh4+ 42. Kg3 Nf5+ 43. Kf3 h4 44. b7 1-0

[Event "Novokuznetsk Goriainov Memorial op"]
[Site "Novokuznetsk"]
[Date "2007.08.16"]
[Round "3"]
[White "Sukhov, Maxim"]
[Black "Suchkov, Evgeniy"]
[Result "1-0"]
[WhiteElo "2098"]
[BlackElo "2300"]
[PlyCount "71"]
[EventDate "2007.08.14"]
[EventType "swiss"]
[EventRounds "9"]
[EventCountry "RUS"]
[SourceTitle "EXT 2009"]
[Source "ChessBase"]
[SourceDate "2008.11.26"]
[SourceVersion "1"]
[SourceVersionDate "2008.11.26"]
[SourceQuality "1"]

1. e4 e5 2. Nf3 Nc6 3. d4 exd4 4. Nxd4 Bc5 5. Nxc6 Qf6 6. Qd2 dxc6 7. Nc3 Be6 8. Na4 Rd8 9. Bd3 Bd6 10. 0-0 Ne7 11. Kh1 Qd4 12. Nc3 Bb4 13. Qe1 0-0 14. Be3 Bxc3 15. bxc3 Qa4 16. f4 f6 17. Rf3 Rfe8 18. Rg3 Bc4 19. Qe2 Bxd3 20. cxd3 f5 21. Bd4 g6 22. Be5 Rd7 23. h4 Kf7 24. Rb1 Qa6 25. Qc2 c5 26. h5 c4 27. d4 Rg8 28. hxg6+ Rxg6 29. Rh3 Rh6 30. exf5 Rxh3+ 31. gxh3 Qc6+ 32. Kh2 Rd8 33. f6 Ng6 34. Qe2 Qd5 35. Rg1 b5 36. Qh5 1-0